Európai mércének kell megfelelni Magyarországon egyedülálló utastér újult meg Szegeden /

Elmentve itt :
Bibliográfiai részletek
Szerző: Gát László, Cs
Dokumentumtípus: Cikk
Megjelent: 2006-03-10
Sorozat:Délmagyarország 96 No. 59
Kulcsszavak:Szeged, Eseménynaptár Szeged 2006. 03., Közlekedés vasút közlekedési létesítmény pályaudvar avatás MÁV Szeged, Építészet épületrekonstrukció középület pályaudvar Szeged, Magyar Államvasutak. Szegedi Nagyállomás
Online Access:http://dmarchiv.bibl.u-szeged.hu/136002
LEADER 00749nab a2200157 i 4500
001 delm136002
005 20191219085046.0
008 191219s2006 hu o 0|| hun d
040 |a SZTE Délmagyarország Archívum  |b hun 
041 |a hun 
100 1 |a Gát László, Cs. 
245 1 0 |a Európai mércének kell megfelelni   |h [elektronikus dokumentum] :  |b Magyarországon egyedülálló utastér újult meg Szegeden /  |c  Gát László, Cs. 
260 |c 2006-03-10 
300 |a 3 
490 0 |a Délmagyarország  |v 96 No. 59 
695 |a Szeged, Eseménynaptár Szeged 2006. 03., Közlekedés vasút közlekedési létesítmény pályaudvar avatás MÁV Szeged, Építészet épületrekonstrukció középület pályaudvar Szeged, Magyar Államvasutak. Szegedi Nagyállomás